000 00349nam a2200133Ia 4500
008 231129s1994||||xx |||||||||||||| ||spa||
040 _bspa
082 _aR 986.132 P649r
100 _aPineda Anibal
245 0 _aRisaralda hacia el futuro
260 _c1994
264 _aColombia (Santafé de Bogotá) : Apostar/Gente Nueva
942 _2ddc
_cBKS
999 _c24117
_d24117